All players of the Bundesliga 2022/23 - Statistics

General Stats
  • This quiz has been taken 89 times
  • The average score is 114 of 520
Answer Stats
Nr. Spieler % Correct
1 Manuel Neuer
97%
1 Florian Müller
84%
25 Thomas Müller
84%
15 Mars Hummels
80%
31 Keven Schlotterbeck
79%
4 Nico Schlotterbeck
79%
6 Joshua Kimmich
77%
25 Niklas Süle
76%
1 Gregor Kobel
74%
27 Yann Sommer
74%
10 Leroy Sané
73%
23 Emre Can
70%
8 Leon Goretzka
70%
11 Marco Reus
70%
26 Sven Ulreich
70%
42 Jamal Musiala
69%
25 Sanoussy Ba
64%
9 Sébastien Haller
64%
7 Serge Gnabry
64%
16 Stefan Bell
64%
19 Alphonso Davies
63%
4 Matthijs de Ligt
63%
2 Dayot Upamecano
61%
19 Julian Brandt
60%
11 Kingsley Coman
60%
27 Mario Götze
59%
11 Niclas Füllkrug
59%
33 Alexander Meyer
57%
39 Mathys Tel
57%
5 Benjamin Pavard
56%
13 Eric Maxim Choupo-Moting
56%
27 Florian Wirtz
56%
23 Jonas Hofmann
56%
27 Karim Adeyemi
56%
33 Philipp Hofmann
56%
11 Timo Werner
56%
1 Kevin Trapp
54%
14 Patrick Schick
54%
17 Sadio Mané
54%
22 Jude Bellingham
53%
27 Konrad Laimer
53%
21 Lucas Hernández
53%
13 Raphaël Guerreiro
53%
4 Jonathan Tah
51%
27 Andrej Kramaric
50%
18 Christopher Nkunku
50%
21 Donyell Malen
50%
1 Lukas Hradecky
50%
1 Oliver Baumann
50%
11 Hannes Wolf
49%
17 Marius Wolf
49%
18 Youssoufa Moukoko
49%
7 Jonathan Schmid
47%
28 Matthias Ginter
47%
43 Maximilian Schmid
47%
20 Romano Schmid
47%
30 Jeremie Frimpong
46%
9 Randal Kolo Muani
46%
20 Anthony Modeste
44%
30 Christian Günter
44%
43 Jamie Bynoe-Gittens
43%
1 Jiri Pavlenka
43%
32 Vincenzo Grifo
43%
7 Giovanni Reyna
41%
16 Lukas Klostermann
41%
1 Péter Gulácsi
41%
6 Salih Özcan
41%
24 Thomas Meunier
41%
22 David Raum
40%
22 Felix Nmecha
40%
10 Lukas Nmecha
40%
10 Marcus Thuram
40%
7 Marvin Duksch
40%
19 Moussa Diaby
40%
14 Nico Schulz
40%
45 Philipp Schulz
40%
9 Serhou Guirassy
40%
7 Dani Olmo
39%
44 Josip Stanisic
39%
26 Julian Ryerson
39%
35 Kenneth Schmidt
39%
2 Mohamed Simakan
39%
22 Niklas Schmidt
39%
34 Paul Grave
39%
38 Ryan Gravenberch
39%
20 Finn Ole Becker
37%
1 Koen Casteels
37%
17 Sebastian Rode
37%
27 Sheraldo Becker
37%
14 Alassane Plea
36%
19 André Silva
36%
10 Arne Maier
36%
32 Florian Neuhaus
36%
23 Marcel Halstenberg
36%
27 Maximilian Arnold
36%
14 Paul Wanner
36%
4 Willi Orbán
36%
9 Yussuf Poulsen
36%
29 Jesper Lindström
34%
14 Jonas Hector
34%
9 Lucas Höler
34%
27 Nicolas Höfler
34%
35 Tuta
34%
13 Alexander Schwolow
33%
17 Dominik Szoboszlai
33%
12 Edmond Tapsoba
33%
10 Emil Forsberg
33%
44 Kevin Kampl
33%
18 Nils Petersen
33%
40 Noussair Mazraoui
33%
25 Ramy Bensebaini
33%
18 Stefan Lainer
33%
8 Amadou Haidara
31%
36 Ansgar Knauff
31%
20 Bouna Sarr
31%
28 Ellyes Skhiri
31%
21 Janis Blaswich
31%
1 Jonas Omlin
31%
1 Manuel Riemann
31%
11 Nadiem Amiri
31%
1 Ralf Fährmann
31%
8 Robert Andrich
31%
9 Simon Terodde
31%
44 Soumaïla Coulibaly
31%
7 Tanguy Coulibaly
31%
1 Timo Horn
31%
2 Waldemar Anton
31%
46 Arijon Ibrahimovic
30%
6 Christoph Kramer
30%
15 Daichi Kamada
30%
23 Jonas Wind
30%
10 Kerem Demirbay
30%
13 Lars Stindl
30%
38 Michael Gregoritsch
30%
24 Aurélio Buta
29%
14 Christoph Baumgartner
29%
11 Florian Kainz
29%
10 Leonardo Bittencourt
29%
8 Mahmoud Dahoud
29%
20 Makoto Hasebe
29%
17 Maximilian Mittelstädt
29%
3 Piero Hincapié
29%
40 Sebastian Polter
29%
25 Timo Baumgartl
29%
40 Tomas Koubek
29%
9 Ermedin Demirovic
27%
25 Exequiel Palacios
27%
1 Frederik Rönnow
27%
8 Julian Weigl
27%
23 Marco Richter
27%
32 Philipp Max
27%
19 Rafael Borré
27%
27 Robin Zentner
27%
3 Wataru Endo
27%
36 Christian Groß
26%
28 Christopher Trimmel
26%
27 Davie Selke
26%
6 Grischa Prömel
26%
37 Lennart Grill
26%
11 Marius Bülter
26%
4 Niklas Stark
26%
7 Patrick Hermann
26%
39 Patrick Wimmer
26%
8 Rani Khedira
26%
36 Tom Rothe
26%
23 Adam Hlozek
24%
28 André Hahn
24%
11 Angeliño
24%
39 Benjamin Henrichs
24%
2 Benni Schmitz
24%
2 Evan Ndicka
24%
1 Finn Dahmen
24%
17 Manu Koné
24%
35 Marcel Lotka
24%
26 Mark Flekken
24%
5 Micky van de Ven
24%
30 Nico Elvedi
24%
1 Oliver Christensen
24%
31 Robin Knoche
24%
14 Silas
24%
42 Alexander Hack
23%
41 Henning Matriciani
23%
21 Hiroki Ito
23%
7 Jae-sung Lee
23%
32 Josko Gvardiol
23%
16 Julien Duranville
23%
38 Karim Bellarabi
23%
17 Kevin Behrens
23%
22 Kevin Vogt
23%
20 Marvin Schwäbe
23%
8 Mitchell Weiser
23%
12 Pavao Pervan
23%
3 Pavel Kaderabek
23%
42 Ritsu Doan
23%
22 Roland Sallai
23%
11 Takuma Asano
23%
24 Xaver Schlager
23%
8 Anthony Losilla
21%
24 Borna Sosa
21%
22 Chris Führich
21%
30 Felix Passlack
21%
9 Ihlas Bebou
21%
6 Jeffrey Gouweleeuw
21%
26 Junior Dina Ebimbe
21%
9 Karim Onisiwo
21%
3 Ko Itakura
21%
20 Luca Netz
21%
37 Luca Philipp
21%
21 Lucas Alario
21%
17 Ludovic Ajorque
21%
5 Marvin Friedrich
21%
8 Maximilian Eggestein
21%
17 Maximilian Philipp
21%
33 Omar Marmoush
21%
1 Rafal Gikiewicz
21%
22 Timothy Chandler
21%
6 Tom Krauß
21%
32 Abdoulaye Kamara
20%
21 Amine Adli
20%
13 Angelo Stiller
20%
47 Antonios Papadopoulos
20%
16 Jakub Kaminski
20%
40 Jamie Leweling
20%
2 Kilian Fischer
20%
5 Konstantinos Mavropanos
20%
7 Luca Waldschmidt
20%
35 Marcin Kaminski
20%
4 Maxence Lacroix
20%
11 Mergim Berisha
20%
21 Noah Atubolu
20%
9 Sardar Azmoun
20%
31 Yannick Gerhardt
20%
2 Christian Gamboa
19%
21 Danny da Costa
19%
8 Djibril Sow
19%
14 Dodi Lukébakio
19%
31 Dominik Kohr
19%
33 Fabian Bredlow
19%
27 Felix Agu
19%
7 Florian Niederlechner
19%
29 Jan Thielmann
19%
25 Kevin Akpoguma
19%
7 Kevin Stöger
19%
25 Kiliann Sildillia
19%
13 Mark Uth
19%
31 Márton Dárdai
19%
30 Niklas Dorsch
19%
29 Robert Skov
19%
5 Sepp van den Berg
19%
30 Alex Kral
17%
5 Amos Pieper
17%
13 András Schäfer
17%
3 Anthony Jung
17%
25 Christopher Lenz
17%
23 Dale Blind
17%
5 Danilho Doekhi
17%
4 Diogo Leite
17%
19 Felix Uduokhai
17%
17 Gerrit Holtmann
17%
7 Jacob Bruun Larsen
17%
35 Johannes Schenk
17%
29 Jonathan Burkardt
17%
45 Jordan
17%
4 Josha Vagnoman
17%
24 Julian Chabot
17%
3 Kristian Pedersen
17%
29 Lucas Tousart
17%
3 Mads Pedersen
17%
5 Manuel Gulde
17%
32 Marco Friedl
17%
30 Michael Zetterer
17%
10 Munas Dabbur
17%
5 Ozan Kabak
17%
3 Philipp Lienhart
17%
20 Ridle Baku
17%
11 Sven Michel
17%
10 Tiago Tomás
17%
29 Woo-yeong Jeong
17%
14 Yannik Keitel
17%
25 Andreas Hanche-Olsen
16%
6 Anton Stach
16%
27 Arne Engels
16%
27 Cédric Brunner
16%
23 Dan-Axel Zagadou
16%
20 Edmilson Fernandes
16%
8 Enzo Millot
16%
6 Eric Martel
16%
41 Jan Olschowsky
16%
31 Jens Grahl
16%
6 Jens Stage
16%
29 Joe Scally
16%
23 John Anthony Brooks
16%
14 Julian Baumgartlinger
16%
27 Kevin-Prince Boateng
16%
6 Kristijan Jakic
16%
8 Leandro Barreiro
16%
15 Luca Kilian
16%
20 Luca Pfeiffer
16%
32 Mattias Svanberg
16%
23 Maximilian Bauer
16%
25 Moritz Jenz
16%
36 Niklas Lomb
16%
33 Noah Weißhaupt
16%
16 Sebastian Rudy
16%
9 Simon Zoller
16%
2 Thomas Ouwejan
16%
4 Timo Hübers
16%
3 Aarón Martín
14%
19 Anthony Caci
14%
16 Atakan Karazor
14%
8 Danny Latza
14%
8 Dennis Geiger
14%
24 Dominick Drexler
14%
19 Janik Haberer
14%
22 João Cancelo
14%
37 Linton Maina
14%
17 Lukas Kübler
14%
21 Marvin Plattenhardt
14%
5 Mitchel Bakker
14%
6 Patrick Osterhage
14%
12 Philipp Pentke
14%
2 Robert Gumny
14%
10 Rodrigo Zalazar
14%
3 Sebastiaan Bornauw
14%
30 Silvan Widmer
14%
17 Thomas Delaney
14%
21 Tobias Sippel
14%
39 Tom Bischof
14%
3 Danilo Soares
13%
11 Faride Alidou
13%
24 Frederik Jensen
13%
22 Iago
13%
26 Jérôme Roussillon
13%
24 Jessic Ngankam
13%
40 Kevin Paredes
13%
20 Marc Oliver Kempf
13%
34 Merlin Röhl
13%
13 Milos Veljkovic
13%
30 Paxten Aaronson
13%
23 Robert Wagner
13%
34 Stanley Nsoki
13%
24 Timothy Fosu-Mensah
13%
20 Aïssa Laïdouni
11%
22 Daley Sinkgraven
11%
25 Daniel Klein
11%
7 Dejan Ljubicic
11%
40 Diant Ramaj
11%
7 Dion Beljo
11%
4 Erhan Masovic
11%
5 Hrvoje Smolcic
11%
19 Kenan Karaman
11%
38 Luca Unbehaun
11%
21 Michael Esser
11%
34 Michael Langer
11%
15 Pascal Stenzel
11%
4 Reece Oxford
11%
8 Suat Serdar
11%
40 Umut Tohumcu
11%
1 Benjamin Uphoff
10%
22 Christopher Antwi-Adjei
10%
4 Ermin Bicakcic
10%
17 Genki Haraguchi
10%
28 Ilia Gruev
10%
20 Ivan Ordets
10%
12 Jakob Busk
10%
16 Jonjoe Kenny
10%
18 Josip Juranovic
10%
2 Mateu Morey Bauzà
10%
4 Maya Yoshida
10%
32 Milos Pantovic
10%
44 Nelson Weiper
10%
3 Paul Jaeckel
10%
23 Sargis Adamyan
10%
9 Sebastian Andersson
10%
21 Steffen Tigges
10%
43 Brajan Gruda
9%
11 Daniel-Kofi Kyereh
9%
13 Elvis Rexhbecaj
9%
44 Fisnik Asllani
9%
42 Florian Schock
9%
31 Gil Dias
9%
22 Ibrahima Cissé
9%
29 Josuha Guilavogui
9%
19 Kasper Dolberg
9%
7 Levin Öztunali
9%
26 Lukas Ullrich
9%
5 Maxim Leitsch
9%
2 Morten Thorsby
9%
28 Nikolas Nartey
9%
6 Paulo Otávio
9%
14 Paul Seguin
9%
2 Peter Pekarik
9%
10 Philipp Förster
9%
29 Tobias Mohr
9%
18 Wilfried Kanga
9%
38 Yvandro Borges Sanches
9%
37 Abdou Diallo
7%
18 Almamy Touré
7%
40 Andrey Lunev
7%
3 Augistín Rogel
7%
4 Aymen Barkok
7%
38 Bartol Franjic
7%
17 Callum Hudson-Odoi
7%
38 David Colina
7%
41 Dennis Seimen
7%
19 Dimitrios Limnios
7%
30 Dominique Heintz
7%
39 Fabio Chiarodia
7%
33 Florian Dietz
7%
48 Irvin Cardona
7%
49 Jan Schröder
7%
18 Jordi Osei-Tutu
7%
11 Juan José Perea
7%
24 Justin Che
7%
49 Justin Diehl
7%
25 Lilian Egloff
7%
47 Mathias Olesen
7%
35 Muhammed Damar
7%
19 Nathan Ngoumou
7%
23 Niko Gießelmann
7%
28 Patrick Pentz
7%
35 Philipp Schulze
7%
22 Rune Jarstein
7%
41 Simon Simoni
7%
39 Thomas Kastanaras
7%
12 Tjark Ernst
7%
20 Daniel Caligiuri
6%
37 Delano Burgzorg
6%
18 Dzenan Pejcinovic
6%
21 Eren Dinkci
6%
5 Filip Uremovic
6%
34 Jean Manuel Mbom
6%
17 Kingsley Schindler
6%
32 Lasse Rieß
6%
36 Laurin Ulrich
6%
26 Lee Buchanan
6%
- Malik Tillman
6%
28 Marcel Wenig
6%
44 Matthias Köbbing
6%
45 Mehdi Loune
6%
23 Mehmet Aydin
6%
43 Mert Kömür
6%
29 Moritz Broschinski
6%
34 Nathanaël Mbuku
6%
8 Nicolas Cozza
6%
18 Noah Mbamba
6%
13 Örjan Nyland
6%
22 Oscar Fraulo
6%
8 Renato Veiga
6%
25 Tim Lemperle
6%
20 Tim Skarke
6%
6 Tolga Cigerci
6%
42 Aaron Zehnter
4%
28 Caden Clark
4%
46 Dario Gebuhr
4%
19 Dikeni Salifou
4%
38 Elias Bakatukanda
4%
28 Justin Heekeren
4%
45 Kelvin Yeboah
4%
30 Kevin Möhwald
4%
3 Leo Greiml
4%
4 Mamadou Doucouré
4%
11 Marcus Ingvartsen
4%
25 Mohammed Tolba
4%
30 Niklas Klinger
4%
5 Nikola Soldo
4%
30 Ömer Beyaz
4%
45 Simon Walde
4%
38 Soichiro Kozuki
4%
19 Stevan Jovetic
4%
16 Tim Maciejewski
4%
5 Tobias Strobl
4%
27 Alou Kuol
3%
40 Chidera Ejuke
3%
39 Derry Scherhant
3%
26 Eduardo Quaresma
3%
41 Eniss Shabani
3%
48 Georg Strauch
3%
42 Göktan Gürpüz
3%
30 Ibrahim Maza
3%
5 Jacek Goralski
3%
10 Jean-Paul Boëtius
3%
48 Nacho Ferri
3%
21 Niklas Tauer
3%
17 Noah Joel Sarenren Bazee
3%
6 Odilon Kossounou
3%
36 Timo Schlieck
3%
24 Vasilios Lampropoulos
3%
37 Antonis Aidonis
1%
32 Ayman Azhil
1%
39 Benjamin Leneis
1%
34 Conor Noß
1%
38 Dudu
1%
33 Éder Balanta
1%
34 Ivan Sunjic
1%
35 Joshua Eze
1%
45 Joshua Schwirten
1%
42 Julian Eitschberger
1%
34 Julian Roloff
1%
28 Kelian Nsona
1%
24 Kimberly Ezekwem
1%
40 Louis Lord
1%
26 Marko Johansson
1%
36 Marlon Mustapha
1%
37 Mio Backhaus
1%
36 Nahuel Doll
1%
29 Oskar Preil
1%
28 Pierre Kunde
1%
46 Rijad Smajic
1%
16 Rubén Vagas
1%
23 Saidy Janko
1%
35 Silvère Ganvoula
1%
24 Tony Janschke
1%
8 Denis Hussinbasic
0%
18 Jere Uronen
0%
34 Jonas Nikisch
0%
16 Konstantinos Stfylidis
0%
26 Michael Frey
0%
- Nassim Boujellab
0%
15 Timothée Kolodziejczak
0%
No matching quizzes found
Score Distribution
Percent of People with Each Score
Percentile by Number Answered
Your Score History
You have not taken this quiz